Ci sono almeno 50... - Morte improvvisa - Statistics

Statistiche generali
  • Questo quiz è stato fatto 462 volte
    417 dall'ultimo reset
  • Il punteggio medio è 3 su 21
Answers on the Grid
Answers color-coded by a green-red scale on the quiz's grid according to % correct below.
...paesi in Africa
...stati degli Stati Uniti
...stati che riconoscono il Kosovo
...settimane in un anno
...miliardari in Italia
...satelliti naturali attorno a Saturno
...paesi con più abitanti dell'Australia
...montagne sopra i 6000 metri di altitudine
...caselle in una scacchiera
...paesi nella cui bandiera è presente il colore nero
...città con più di un milione di abitanti in Cina
...paesi che hanno vinto almeno 50 medaglie alle Olimpiadi estive
...paesi del Commonwealth delle nazioni
...libri nella Bibbia
...atleti che hanno corso i 100 metri in meno di 10 secondi
...milioni di batteri che vivono nel corpo umano
...lingue parlate da almeno 20 milioni di persone
...repubbliche parlamentari nel mondo
...tennisti che hanno vinto un torneo del Grande Slam
...metalli nella tavla periodica
...rubli russi in un dollaro
...capitali più a sud dell'Equatore
...muscoli nella mano
...squadre che hanno vinto la Champions League
...diagonali in un esagono
...paesi più grandi della Francia
...calciatori che hanno vinto due Mondiali di calcio
...lettere nell'alfabeto cirillico russo
...neutroni in un atomo di rame
...divisori del numero 1000000
...metri in 50 iarde di lunghezza
...presidenti nella storia degli Stati Uniti
...paesi che si affacciano sull'Oceano Indiano
...papi con un pontificato inferiore ad un anno
...unità astronomiche di distanza tra il Sole e Nettuno
...paesi che confinano con la Russia o la Cina
...veterani vivi della Prima Guerra Mondiale
...paesi senza sbocco sul mare
...paesi che non confinano con altri paesi
...squadre che hanno partecipato al Super Bowl
...denti nella bocca di un essere umano
...paia di nervi spinali nel corpo umano
 
Statistiche sulle risposte
Risposta % Corretto
...stati degli Stati Uniti
40%
...settimane in un anno
27%
...paesi in Africa
22%
...caselle in una scacchiera
21%
...milioni di batteri che vivono nel corpo umano
19%
...libri nella Bibbia
18%
...lingue parlate da almeno 20 milioni di persone
17%
...repubbliche parlamentari nel mondo
14%
...stati che riconoscono il Kosovo
14%
...paesi con più abitanti dell'Australia
13%
...città con più di un milione di abitanti in Cina
11%
...metalli nella tavla periodica
11%
...miliardari in Italia
11%
...paesi che hanno vinto almeno 50 medaglie alle Olimpiadi estive
11%
...satelliti naturali attorno a Saturno
11%
...paesi nella cui bandiera è presente il colore nero
10%
...montagne sopra i 6000 metri di altitudine
8%
...atleti che hanno corso i 100 metri in meno di 10 secondi
7%
...paesi del Commonwealth delle nazioni
6%
...tennisti che hanno vinto un torneo del Grande Slam
6%
...rubli russi in un dollaro
5%
Nessun quiz corrispondente trovato
Distribuzione punteggi
Percentuale di utenti per punteggio
Percentile per numero di risposta
I tuoi punteggi nel tempo
Non hai fatto questo quiz dall'ultimo reset